000 00467nam a2200193Ia 4500
008 101110s9999 xx 000 0 und d
041 _aENGLISH
082 _bSR4556
_a657
100 _aGupta, Rup Ram
245 _aAdvanced Accounting Problems
365 _b18
520 _aCommerce
546 _aENGLISH
630 _aAdvanced Accounting Problems
650 _aCommerce
655 _aCommerce
730 _aAdvanced Accounting Problems
942 _cBOOK
999 _c800742
_d800739